Southville International School and Colleges
Your cart is empty.
  • Cart
  • Lists
    Public lists Eva Luna New books Lux_list list_1
    Your lists Log in to create your own lists
  • Log in to your account
  • Your cookies
  • Search history
Southville International School and Colleges
  • Advanced search
  • Recent comments
  • Most popular
  • Libraries

Log in to your account

Log in with GOOGLE


If you do not have an external account, but do have a local account, you can still log in:

  1. Home
  2. MARC view: Everybody's dictionary of Philippine law /
Normal view MARC view ISBD view

Everybody's dictionary of Philippine law / (Record no. 18758)

[ view plain ]
MARC details
000 -LEADER
fixed length control field 00812cam a22003014a 4500
001 - CONTROL NUMBER
control field 15187618
003 - CONTROL NUMBER IDENTIFIER
control field OSt
005 - DATE AND TIME OF LATEST TRANSACTION
control field 20140310183103.0
008 - FIXED-LENGTH DATA ELEMENTS--GENERAL INFORMATION
fixed length control field 080221s2007 ph d 000 0 eng
010 ## - LIBRARY OF CONGRESS CONTROL NUMBER
LC control number 2008313222
020 ## - INTERNATIONAL STANDARD BOOK NUMBER
International Standard Book Number 9789715845441
040 ## - CATALOGING SOURCE
Original cataloging agency DLC
Transcribing agency DLC
Modifying agency DLC
042 ## - AUTHENTICATION CODE
Authentication code lcode
043 ## - GEOGRAPHIC AREA CODE
Geographic area code a-ph---
050 00 - LIBRARY OF CONGRESS CALL NUMBER
Classification number KPM 26
Item number .K45 2007
082 ## - DEWEY DECIMAL CLASSIFICATION NUMBER
Classification number FIL 331
Item number .K45 2007
100 1# - MAIN ENTRY--PERSONAL NAME
Personal name Khan, Ismael G.
245 10 - TITLE STATEMENT
Title Everybody's dictionary of Philippine law /
Statement of responsibility, etc Ismael G. Khan, Jr.
260 ## - PUBLICATION, DISTRIBUTION, ETC. (IMPRINT)
Place of publication, distribution, etc Quezon City :
Name of publisher, distributor, etc C & E Pub.,
Date of publication, distribution, etc 2007.
300 ## - PHYSICAL DESCRIPTION
Extent ix, 244 p. :
Dimensions 22 cm.
650 #0 - SUBJECT ADDED ENTRY--TOPICAL TERM
Topical term or geographic name as entry element Law
Geographic subdivision Philippines
Form subdivision Dictionaries.
906 ## - LOCAL DATA ELEMENT F, LDF (RLIN)
a 7
b cbc
c origode
d 2
e ncip
f 20
g y-gencatlg
942 ## - ADDED ENTRY ELEMENTS (KOHA)
Source of classification or shelving scheme Library of Congress Classification
Koha item type Books
Call number prefix Local
Holdings
Withdrawn status Lost status Source of classification or shelving scheme Damaged status Home library Current library Shelving location Date acquired Source of acquisition Total Checkouts Total Renewals Full call number Barcode Date last seen Date checked out Copy number Price effective from Koha item type
    Library of Congress Classification   Archives Archives   03/04/2013 Donation 2 40 KPM 26 .K45 2007 C9161 05/08/2018 12/07/2016 1 03/10/2014 Books
    Library of Congress Classification   Archives Archives   12/14/2013 Donation     KPM 26 .K45 2007 C9124 05/08/2018   3 12/14/2013 Books
    Library of Congress Classification   College Library College Library Filipiniana Section 12/14/2013       KPM 26 .K45 2007 C9123 05/08/2018   2 12/14/2013 Books

Everybody's dictionary of Philippine law /

APA

Khan I. G., . (2007). Everybody's dictionary of Philippine law. Quezon City: C & E Pub.

Chicago

Khan Ismael G, . 2007. Everybody's dictionary of Philippine law. Quezon City: C & E Pub.

Harvard

Khan I. G., . (2007). Everybody's dictionary of Philippine law. Quezon City: C & E Pub.

MLA

Khan Ismael G, . Everybody's dictionary of Philippine law. Quezon City: C & E Pub. 2007.

  • Place hold
  • Print
  • Cite
  • Add to your cart (remove)
  • Save record
    BIBTEX Dublin Core MARCXML MARC (non-Unicode/MARC-8) MARC (Unicode/UTF-8) MARC (Unicode/UTF-8, Standard) MODS (XML) RIS
  • More searches
    Search for this title in:
    Other Libraries (WorldCat) Other Databases (Google Scholar) Online Stores (Bookfinder.com) Open Library (openlibrary.org)

Exporting to Dublin Core...

SOUTHVILLE LIBRARY

Southville International School and Colleges Library

1281 Tropical Ave. Cor. Luxembourg St., BF Homes International, Las Pinas City

Tel. No. 8256374 / 252358 Loc. 117/146

Powered by Koha